00460 2200169 4500001002100000005001500021008004100036020001800077035001900095082000800114090001400122100001800136245005700154250001000211260003900221300003000260INLIS00000000001847920241224115518241224||||||||| | ||| |||| ||  a979-963-246-3 0010-12240184790 a495 a495 MUR b0 aBoye De Mente00abelajar cepat bahasa jepang praktis dan menyenangkan aCet.4 aJogjakartabthink jogjakartac2007 a150 hlm,; 13,5 cm x 20 cm